000 00499nam a2200145 4500
999 _c14636
_d14636
008 191021b ||||| |||| 00| 0 eng d
022 _a03080587
082 _aDPer 420.5 M72 Apr-Oct 2011 v. 20, n. 2-4
100 _940468
_aAndrewes, Simon.
245 _aEnglish teaching and corpora/
_cSimon Andrewes.
260 _aChichester, West Sussex:
_bPavilion Publishing,
_c©2011.
300 _av20 n3, pages 5-10:
_bcolor illustrations;
_c30 cm.
650 _aTeaching
_xEnglish.
_940633
942 _2ddc
_cPER